1728 1682 1452 1558 1182 1429 1524 1084 1262 1688 1449 1893 1237 1977 1166 1665 1056 1049 1026 1772 1142 1711 1233 1123 1074 1747 1165 1120 1926 1010 1983 1987 1021 1548 1643 1256 1520 1451 1763 1247 1386 1360 1633 1955 1578 1650 1639 1600 1673 1708 1468 1101 1931 1740 1127 1530 1981 1065 1371 1171 1985 1510 1459 1283 1259 1447 1955 1714 1100 1578 1441 1742 1998 1035 1827 1317 1028 1434 1939 1619 1709 1925 1614 1548 1092 1942 1233 1955 1490 1599 1197 1127 1744 1713 1279 1881 1398 1651 1443 BCNSPRNW ULIB Ver.6.0+V

เปลี่ยนเป็นภาษาไทย

Change to English
 แสดงรายละเอียดบรรณานุกรม
  กลับหน้าหลัก

Brief Record : Get Marc (ISO 2709) : E-mail record : QR code < ปิดหน้าต่าง
LEADER : 00000nam 2200000uu 4500
001    13399110477
003     ULIB
008    110601s2011||||th 000 0 eng d
020    9781608311651 (alk. paper)
020    9781451104646
060 04 WY49^bR163S 2011
100 1  Ralph, Sheila Sparks
245 10 Sparks & Taylor s nursing diagnosis reference manual /^cSheila Sparks Ralph, Cynthia M. Taylor
246 3  Sparks and Taylor s nursing diagnosis reference manual
246 30 Nursing diagnosis reference manual
250    8th ed.
260    Philadelphia :^bWolters Kluwer Health/Lippincott Williams& Wilkins,^c2011
300    xxix, 850 p. ;^c23 cm.
504    Includes bibliographical references and index
650  0 Nursing diagnosis^vHandbooks, manuals, etc.
650  2 Nursing Diagnosis^vHandbooks
650  2 Patient Care Planning^vHandbooks
700 1  Taylor, Cynthia M.
945    ^p2630^l0^i030108
995    Kesorn
999 ^a ใช้งานได้ทุกระบบ
รายการนี้ยังไม่มีแท็ก
คุณยังไม่ได้ล็อกอิน คุณสามารถมีกิจกรรมร่วมกับเว็บไซต์ได้ แต่ต้องล็อกอินก่อน ::
  ล็อกอิน

รายการสื่อสารสนเทศ

ลำดับที่ ประเภท เลขเรียก/บาร์โค้ด สถานที่ สถานะ
- ไม่พบข้อมูล -

BibComment


ยังไม่เคยถูกคอมเมนท์

คอมเมนท์ทรัพยากรรายการนี้
  คอมเมนท์: Sparks Taylor s ..


 Copyright 2026. Bcnsprnw @Library